Emerging economies set to overthrow western dominance of real estate world (Record no. 80843)

MARC details
000 -LEADER
fixed length control field 00864cab a22001935a 4500
001 - CONTROL NUMBER
control field L145507
008 - FIXED-LENGTH DATA ELEMENTS--GENERAL INFORMATION
fixed length control field 081016s2008 xxkad f s 000 0 eng d
035 ## - SYSTEM CONTROL NUMBER
System control number (Sirsi) u145507
041 0# - LANGUAGE CODE
Language code of text/sound track or separate title eng
110 2# - MAIN ENTRY--CORPORATE NAME
Corporate name or jurisdiction name as entry element Asia Property
9 (RLIN) 5589
245 00 - TITLE STATEMENT
Title Emerging economies set to overthrow western dominance of real estate world
260 ## - PUBLICATION, DISTRIBUTION, ETC.
Date of publication, distribution, etc. 2008
490 #0 - SERIES STATEMENT
Series statement Asia Property
Volume/sequential designation October 2008, 10(1)
520 ## - SUMMARY, ETC.
Summary, etc. Investment Focus, a Morgan Stanley Investment Management report, argues that the 20-year bull run for emerging Asian markets, especially China and India, will make the region the world's most valuable real estate market by 2037. Compares the global real estate market of 2008 with the predicted global real estate market of 2037.
590 ## - LOCAL NOTE (RLIN)
Local note KA
651 #4 - SUBJECT ADDED ENTRY--GEOGRAPHIC NAME
Geographic name International
690 ## - LOCAL SUBJECT ADDED ENTRY--TOPICAL TERM (OCLC, RLIN)
Topical term or geographic name as entry element PROPERTY-COMMERCIAL PROPERTY-COMMERCIAL PROPERTY MARKET
942 ## - ADDED ENTRY ELEMENTS (KOHA)
Suppress in OPAC 0
Holdings
Withdrawn status Lost status Source of classification or shelving scheme Damaged status Not for loan Home library Current library Shelving location Date acquired Total Checkouts Full call number Barcode Date last seen Copy number Price effective from Koha item type
    Dewey Decimal Classification     London London Journal article 16/10/2008   L145507 145507-1001 06/08/2019 1 06/08/2019 Journal article